Histoire moderne (1648-1783) - Statistiques

Statistiques générales
  • Ce quiz a été pris 84 fois
  • Le résultat moyen est 9 sur 119
Statistiques - réponses
Hint Réponse % Correct
Comment s'appelle les traités qui concluent la Guerre de Trente Ans (1618-1648) ? Traités de Westphalie
86%
Quel roi règne en France à partir de 1643 ? Louis XIV
67%
Qui est le principal ministre d'Etat de 1643 à 1661 ? Jules Mazarin
52%
Comment s'appelle la mère du roi, qui est aussi la régente en raison de la minorité du roi de 1643 à 1651 ? Anne d'Autriche
46%
Avec ces traités, quel Etat obtient son indépendance de l'Espagne ? Provinces-Unies
35%
Quel édit qui accordait aux protestants des droits religieux, civils et politiques dans certaines parties du royaume et, dans des annexes appelées « brevets », leur concédait une soixantaine de places de sûreté et leur garantissait le versement par le trésor royal d'un subside annuel a été révoqué en 1685 ? Edit de Nantes
25%
Cite moi un Etat faisant partie de la Quadruple-Alliance à partir de 1673 : Provinces-Unies/Saint-Empire/Brandebourg/Monarchie espagnole
24%
Avec ces traités, quelles villes libres présentes dans la province des Trois-Évêchés qui étaient sous occupation française depuis le traité de Chambord de 1552 sont officiellement annexées ? Metz/Toul/Verdun
22%
Comment s'appelle les deux princes, proches des frondeurs qui sont jetés en prison par la reine-régente et Mazarin, qui veulent refréner leurs ambitions en 1650 (=début de la Fronde des princes) ? Prince de Condé/Prince de Conti
22%
Avec ces traités, quel pays obtient la Poméranie occidentale et des évêchés de Brême et de Verden ? Suède
19%
Dans quel pays une guerre de succession s'est déclenchée de 1733 à 1738 opposant Frédéric II Auguste (soutenu par l'Empire russe, l'Archiduché d'Autriche, l'Électorat de Saxe, le Royaume de Prusse, le Duché de Lorraine) à Stanislas Leszczynski (soutenu par le Royaume de France, le Royaume d'Espagne, le Royaume de Sardaigne, le Duché de Parme) ? Pologne
16%
En quelle langue est rédigé ce traité de paix qui inaugure la primauté de celle-ci comme langue diplomatique, qui durera pendant 2 siècles ? Français
14%
Quel traité met fin à la guerre franco-espagnole (1635-1659) et permet à la France d'obtenir le comté d'Artois et des places flamandes (Gravelines, Bourbourg) notamment ? Traité des Pyrénées
14%
En quelle année Louis XV succède à Louis XIV ? 1715
13%
Dans quelle guerre de 1756 à 1763, la France est grande perdante, d'influence et de territoires (Marie-Galante, Tobago, Canada, Ohio, la rive gauche du Mississippi) mais retrouve la Martinique, la Guadeloupe et Sainte-Lucie or la Grande-Bretagne s'impose comme la puissance mondiale dominante ? Guerre de Sept Ans
13%
Durant la guerre de Succession d'Autriche, de 1740 à 1748, quels pays sont opposés à l'Autriche, la Grande-Bretagne, les Provinces-Unies et la Russie ? Royaume de France/Royaume de Prusse/Royaume d'Espagne/Électorat de Bavière/Royaume de Naples/Royaume de Suède/République de Gênes/Électorat de Saxe
13%
Cite moi un Etat membre de la Grande Alliance fondée en 1701 afin de contrer les ambitions du royaume de France à l'occasion de la guerre de Succession d'Espagne, entre 1701 et 1713 : Saint-Empire/Grande-Bretagne/Provinces-Unies/Monarchie de Habsbourg/Royaume de Prusse/Duché de Savoie/Royaume de Portugal
13%
Cite moi un impôt direct : Taille/Capitation/Dixième
13%
Quel commandant de l'armée continentale durant la guerre d'indépendance américaine devient le premier président des Etats-Unis en 1789 ? George Washington
11%
Quel Contrôleur général des finances de 1665 à 1683 est le principal instigateur des idées mercantilistes en France (=le développement économique par l'enrichissement des nations au moyen d'un commerce extérieur convenablement organisé en vue de dégager un excédent de la balance commerciale) ? Jean-Baptiste Colbert
11%
Quel ouvrage majeur édité entre 1751 et 1772 par Diderot et d'Alembert montre une diversité de connaissances ? L'Encyclopédie
11%
En quelle année la Cour du roi s'installe à Versailles et sont alors dépendants du roi ? 1682
10%
En quelle année l'épisode de froid intense appelé Grand Hiver causant une flambée des prix des céréales qui entraîna une famine tuant 600 000 personnes entraînant une crise démographique ? 1709
10%
En quelle année est annexée la Corse ? 1768
10%
Sous Louis XVI, qui est aux Finances à partir 1774 et augmente les impôts tout en libéralisant le commerce des grains (mauvaise récolte donc émeutes frumentaires) et démissionne en 1776 après avoir voulu supprimer la corvée royale et les jurandes et maîtrises (=corporations) ? Anne Robert Jacques Turgot
10%
Comment s'appelait le dernier roi des Habsbourg espagnol qui à la suite de la mort sans descendance a provoqué la guerre de Succession d'Espagne ? Charles II
10%
Cite moi un impôt indirect : Gabelle/Traites/Octrois
10%
Quel homme politique prend la tête la République nouvellement installée, s'appelant Commonwealth d'Angleterre après l'abolition de la monarchie ? Oliver Cromwell
10%
Comment s'appelle le monarque français qui devient roi d'Espagne en 1700 mais avec un pouvoir réduit et un renoncement théoriquement définitif, pour lui et pour sa descendance, au trône de France (pas d'union espérée par Louis XIV) ? Philippe V
10%
A quelle date la France fournit des soldats, du matériel, des dons et des prêts aux insurgés lors de la Guerre d'indépendance des États-Unis (1775-1783) ? 1777
8%
Comment s'appelle le principal ministre de Louis XV de 1726 à 1743 qui était son précepteur en 1716 ? André Hercule de Fleury
8%
Qui le remplace et emprunte énormément pour financer la guerre américaine ? Jacques Necker
8%
Comment appelle-t-on une province qui a des états provinciaux, assemblée représentative des trois ordres (clergé, noblesse et tiers état) comme la Bretagne ou la Bourgogne ? Pays d'états
8%
Comment s'appelait le système mis en place de 1716 à 1720 qui comprenait l'utilisation du papier-monnaie au lieu d'espèces métalliques mais la spéculation va ruiner le système et fait banqueroute ? Système de Law
8%
En quelle année l'ordonnance de Saint-Germain-en-Laye codifie la justice civile ? 1667
6%
En quelle année a été créé la Milice où des jeunes hommes été embauchés de force pour compléter l'armée ? 1668
6%
En quelle année la Constitution américaine est appliquée mettant en place un Congrès composé d'une chambre des représentants (chambre basse) représentant les citoyens et le Sénat (chambre haute) représentant les Etats fédérés ainsi que la répartition des pouvoirs (pouvoir législatif par ces chambres, pouvoir exécutif=président et pouvoir judiciaire=Cour Suprême) ? 1789
6%
Quel roi anglais règne de 1625 à 1649 ? Charles Ier
6%
Comment appelle-t-on les persécutions exercées sous Louis XIV puis Louis XV contre les protestants qui refusaient de se convertir ? Dragonnades
6%
A quel guerre, le jeune roi est-il confronté pour la première fois de 1667 à 1668 ? Guerre de Dévolution
6%
Comment s'appelle la guerre opposant la France et ses alliés (Angleterre, Münster, Liège, Bavière, Suède) à la Quadruple-Alliance de 1672 à 1678 ? Guerre de Hollande
6%
Comment s'appelle la séance solennelle du parlement par laquelle le roi ordonne à une assemblée d'enregistrer les édits et ordonnances qu'elle avait contestés par l'usage de son droit de remontrance sous l’Ancien Régime ? Lit de justice
6%
Quelle dynastie est remise sur le trône avec Charles II lors de la Restauration anglaise de 1660 à 1688 ? Maison Stuart
6%
Comment s'appelle l'impôt qui remplace ce nouvel impôt en 1749 qui se veut universel mais dans les faits ne l'ait pas ? Vingtième
6%
En quelle année commence la première révolution anglaise qui se terminera par l'exécution du roi ? 1642
5%
En quelle année furent érigés les Grands jours d'Auvergnes, des tribunaux exceptionnels pour réprimer les abus commis par une partie de la noblesse (=instruments de mise au pas de la noblesse après les troubles de la Fronde) ? 1665
5%
En quelle année le Code noir, qui légifère sur la condition des esclaves est promulgué ? 1685
5%
A quelle date précise est adoptée la déclaration d'indépendance rédigée en grande partie par Thomas Jefferson ? 4 juillet 1776
5%
Comment s'appelle le principal ministre d'Etat de 1758 à 1770 ? Étienne-François de Choiseul
5%
Comment s'appelle la révolution de 1668 à 1689 qui renversa Jacques II ? Glorieuse Révolution
5%
Par qui ont été élaborés les Tables de Chaulnes en 1711, programme qui aspirait à réformer la monarchie avec trois idées majeures : la noblesse devait avoir davantage de prépondérance dans le gouvernement de l’État, les états généraux devaient être convoqués tous les trois ans et la liberté économique ainsi que la paix devaient être érigées en maximes du royaume ? Paul de Beauvilliers/Albert de Luynes/Fénelon
5%
Comment appelle-t-on une circonscription soumise à la juridiction d'officiers royaux (un élu) qui prélève l'impôt direct (la taille) ? Pays d'élection
5%
Comment s'appelle la politique étrangère d'annexion de territoires menée aux frontières du royaume par Louis XIV de 1679 à 1684 qui mènera à une guerre du même nom avec l'Espagne (1683-84) ? Politique des Réunions
5%
Cite moi un Etat qui est en guerre contre le Royaume d'Angleterre lors de la deuxième guerre anglo-néerlandaise de 1665 à 1667 : Provinces-Unies/Royaume de France/Danemark
5%
Comment s'appelle celui qui a tenté d'assassiner le roi en 1757 et aussi fut la dernière personne à subir l'écartèlement en France ? Robert-François Damiens
5%
Combien de colonies britanniques ont été créées sur le continent Américain durant la XVIIème siècle ? 13
3%
En quelle année l'ordonnance criminelle codifie la justice criminelle ? 1670
3%
En quelle année les Actes d'Union entrent en vigueur créant ainsi un royaume unique avec l'Angleterre et l'Écosse, la Grande-Bretagne ? 1707
3%
En quelle année a commencée l'affaire des billets de confession opposant les jansénistes et le Parlement de Paris à l’Église catholique et le roi de France ? 1746
3%
Qui prendra la suite du règne de 1702 à 1714 ? Anne
3%
Quelle bataille de 1781 signe la défaite certaine de la Grande-Bretagne ? Bataille de Yorktown
3%
Comment s'appelle le texte imposé en 1689 aux souverains d'Angleterre qui définit les principes de la monarchie anglaise (la fréquence des Parlements, des élections libres, la liberté d'expression au sein du Parlement, le droit de taxer seulement avec l'accord du Parlement...) ? Bill of Rights
3%
Quel nom a-t-on donné aux protestants français (huguenots) de la région des Cévennes et de la Vaunage, qui ont mené une insurrection contre les persécutions appelés Guerre des Cévennes de 1702 à 1704 ? Camisards
3%
Qui prends la suite du règne de 1714 à 1727 ? Georges I
3%
Qui prends la suite du règne de 1727 à 1760 ? Georges II
3%
Qui prends la suite du règne de 1760 à 1820 ? Georges III
3%
Cite moi un Etat membre de la Ligue d'Augsbourg formée en 1689 qui donna lieu à une guerre contre la France de 1688 à 1697 : Monarchie de Habsbourg/Royaume de Suède/Électorat de Bavière/Duché de Saxe-Weimar/Palatinat du Rhin/Marche de Brandebourg
3%
Comment s'appelle le garde des Sceaux ayant fait une réforme en 1771 supprimant les charges des parlementaires qui deviennent des commissaires (nommés par le roi et renvoyés par le roi) qui est une mesure impopulaire puisque les parlementaires n'ont de pouvoir jusqu'en 1774 où Louis XVI supprime la réforme ? René-Nicolas de Maupeou
3%
Comment s'appelle son fils qui prendra la suite de cette République à partir de 1658 mais abdique un an plus tard par manque d'autorité ? Richard Cromwell
3%
Comment s'appelle le traité de paix mettant fin à cette guerre et permet à la France d'annexer Lille, Tournai, Douai, Armentières notamment ? Traité d'Aix-la-Chapelle
3%
Comment s'appelle le traité de paix mettant fin à la guerre et où la Grande-Bretagne reconnaît l'indépendance des Etats-Unis d'Amérique ? Traité de Paris
3%
Comment s'appelle le traité mettant fin à cette guerre et permettant au roi de France de conserver toute l'Alsace, mais devait rendre la Lorraine et ses gains sur la rive droite du Rhin, et devait reconnaître Guillaume III comme le roi légitime du royaume d'Angleterre ? Traité de Ryswick
3%
Comment s'appelle les traités mettant fin à cette guerre permettant à la France d'obtenir la Franche-Comté ? Traités de Nimègue
3%
Comment s'appelle les traités mettant fin à cette guerre et permettant à la France d'obtenir la principauté d'Orange mais cède l'Acadie et Terre-Neuve aux Anglais et l'Espagne perd toutes ses possessions européennes (Milan, Sicile à la Savoie Naples, Sardaigne à l'Autriche) ? Traités d'Utrecht
3%
Comment s'appelle la bulle pontificale du pape Clément XI en 1713 qui condamne comme fausses et hérétiques 101 propositions extraites des "Réflexions morales" (ouvrage de l'oratorien Pasquier Quesnel) ? Unigenitus
3%
En quelle année eu lieu la révolte des Bonnets rouges (ou du papier timbré) en Bretagne contre de nouvelles taxes instaurées par la guerre de Hollande ? 1675
2%
En quelle année Jacques II devient-il roi ? 1685
2%
A quelle eu lieu les premiers affrontements à Lexington et Concord ? 1775
2%
Combien y'avait-t-il d'articles dans une déclaration de 1682 où l'autorité du pape est restreinte, l'infaillibilité du pape est niée, l'Eglise gallicane est défendue faisant que le pape décide de ne plus investir de nouveaux évêques en France ? (Le roi renonce alors à cette déclaration en 1693) 4
2%
Quel nom a-t-on donné à ces ordonnances sur la réformation de la justice civile et criminelle permettant une sorte d'uniformisation du pays ? Code Louis
2%
Comment s'appelle une colonie placée sous l'autorité d'un gouverneur nommé par Londres où les lois peuvent être remises en question par le roi comme en Virginie, au Massachusetts ou New Hampshire ? Colonie royale
2%
Comment s'appelle l'évêque d'Ypres étant à l'origine mouvement politico-religieux, le jansénisme condamné par l'Église catholique romaine en 1653 et persécuté par Louis XIV ? Cornelius Jansen
2%
Comment s'appelle le duc accusé de despotisme en 1764 durant l'affaire de Bretagne où le parlement de Bretagne refuse de payer plus ? Duc d'Aiguillon
2%
Comment s'appelle les partisans de Jacques II qui continuent de se battre par moment pour son retour sur le trône (de 1689 à 1692, tentative d'invasion en 1708, de 1715 à 1719, en 1744 ou encore en 1745) ? Jacobites
2%
Selon ce programme, qui devait succéder à Louis XIV ? Louis de France
2%
Comment appelle-t-on une circonscription fiscale où ce sont des territoires étrangers annexés à partir de 1648, dans lesquels la compétence fiscale est déléguée au représentant du roi, l'intendant ? Pays d'imposition
2%
Durant la Fronde, comment s'appelle le parlementaire très apprécié du peuple de Paris qui s'est fait arrêter en 1648 pour s'être opposer aux nouvelles taxes proposées par Mazarin, ce qui provoqua une émeute ? Pierre Broussel
2%
Cite moi des impôts mis en place par Londres sur les colonies durant les années 1760 : Revenue Act/Stamp Act/Townshend Duties
2%
Comment s'appelle le premier, premier ministre du Royaume-Uni de 1721 à 1742 ? Robert Walpole
2%
Comment s'appelle la loi de 1773 qui permet à la Compagnie anglaise des Indes orientales de vendre son thé aux colonies sans s'acquitter de taxes ce qui provoque la Tea Party de Boston où le thé est boycotté et jeté à la mer ? Tea Act
2%
Qui publie le pamphlet "Le Sens Commun" en 1776 proposant l'indépendance ? Thomas Paine
2%
Quel traité met fin à cette guerre où la France n'exige rien et restitue à l'Autriche les territoires conquis aux Pays-Bas ainsi que la Savoie et le comté de Nice ? Traité d'Aix-la-Chapelle
2%
Quel traité met fin à cette guerre rétrocédant à la France le duché de Lorraine et de Bar en 1766 ? Traité de Vienne
2%
Comment s'appelle le traité de paix et de commerce entre la France et le Commonwealth d'Angleterre, qui rend plus pacifiques les relations entre ces deux puissances en 1655 ? Traité de Westminster
2%
En quelle année eu lieu la révolte des sabotiers en Sologne contre la taille ? 1658
0%
En quelle année eu lieu la révolte de Roure (ou Vivarais) dans le Vivarais contre une rumeur d'impôts nouveaux ? 1670
0%
En quelle année, la loi "Act of settlement" entre en vigueur (=interdit la succession de la Couronne anglaise à une personne catholique romaine, ou qui en épousait) ? 1701
0%
En quelle année, la loi "Catholic Relief Act" entre en vigueur, qui permet aux catholiques de rejoindre l'armée et d'acheter des terres s'ils prêtaient serment d'allégeance ? 1778
0%
En quelle année, les catholiques ont le droit de culte ? 1791
0%
En quelle année sont votés les Actes d'Union pour rattacher l'Irlande et la Grande-Bretagne ? 1800
0%
Combien vaut un Louis d'or en livres après la stabilisation de la monnaie effectuée par Le Peletier des Forts ? 24
0%
Quelle affaire de 1756 fut fatale aux Jésuites où ils sont expulsés en 1767 puis la Compagnie de Jésus sera dissoute en 1773 ? Affaire Lavalette
0%
Quel était le nom du prince, ambassadeur en France du roi d’Espagne, Philippe V, qui avait préparé un complot en 1718 pour retirer la régence du royaume de France à Philippe d’Orléans ? Cellamare
0%
Comment s'appelle l'impôt qui remplace le dixième en 1725 pour répondre au déficit public ? Cinquantième
0%
Comment s'appelle une colonie avec une autonomie plus forte avec un gouverneur élu par les habitants et pas de contrôle sur les décisions de Londres comme au Connecticut ou à Rhode Island ? Colonie de corps constitué
0%
Comment s'appelle une colonie ayant une certaine autonomie comme au Maryland, en Pennsylvanie ou au Delaware ? Colonie de propriétaire
0%
Comment s'appelle le complot fomenté en Angleterre en 1683 qui avait pour but de tuer le roi et son frère (futur Jacques II) ? Complot de Rye-House
0%
Comment s'appelait les églises clandestines où les protestants se rendent pour vivre leur religion ? Eglise du désert
0%
Comment s'appelle le projet de loi avorté dont l'objet était d'exclure de la succession au trône d'Angleterre et d'Irlande le frère du roi, Jacques (futur Jacques II d'Angleterre), en raison de sa foi catholique ? Exclusion Bill
0%
Il est très impopulaire à cause de son catholicisme, sa politique pro-française et ses ambitions absolutistes, ce qui fait que lorsqu'il donna naissance à un fils, laissant présager la mise en place d'une dynastie catholique, les nobles anglais demandèrent l'aide d'un protestant, neveu de Jacques II, mais qui ? Guillaume III d'Orange-Nassau
0%
Comment s'appelle le premier magistrat spécialisé dans l'exercice de la « police » mis en place en 1667 pour maintenir l'ordre ? Lieutenant général de police
0%
Quel courant du protestantisme est créé en 1784 par George Whitefield mais organisé par John Weasley où on prêche le salut par la foi, l'accomplissement du fidèle étant le premier signe d'élection ? Méthodisme
0%
Comment appelle-t-on le fait d'avoir déformé publiquement sa foi religieuse pour cacher ses vraies croyances intimes scabreuses et malhonnêtes ? Nicodémisme
0%
Comment appelle-t-on le Parlement anglais après la purge de Pride qui va siéger de 1648 à 1653 lorsque qu'il est dissout ? Parlement croupion
0%
Comment s'appelle la série de lois (=qui obligeait toute personne entrant dans la fonction publique en Angleterre à nier la doctrine catholique de la transsubstantiation et à prendre la communion anglicane) misent en place en 1673 par le Parlement après avoir refusé la déclaration d'indulgence pour les catholiques de Charles II ? Test Acts
0%
Comment s'appelle l'ecclésiastique anglican qui inventa un faux complot catholique visant à tuer le roi d'Angleterre (complot papiste) ? Titus Oates
0%
Quel terme désignait les partisans d'une philosophie politique conservatrice britannique au Parlement, proche de la dynastie Stuart ? Tories
0%
Comment s'appelle le traité d'une entente secrète signée entre les couronnes anglaise et française en 1670 concluant l’alliance des deux royaumes dans la guerre de Hollande où Charles II s'engage à adhérer à la religion catholique (la grande majorité du Parlement anglais était anti-papiste et francophobe) et Louis XIV lui promet une aide financière et militaire ? Traité de Douvres
0%
Quel terme désignait les partisans à un parlement fort en s'opposant à l'absolutisme royal ? Whigs
0%
Aucun quiz correspondant
Distribution des résultats
% des personnes avec chaque résultat
Percentile par nombre de réponses
Votre historique - résultats
Vous n’avez pas pris ce quiz